Sports Quiz

Random Sports or World Cup Quiz

Most Successful World Cup Team A-Z Quiz Stats

 Plays Quiz Updated Jul 15, 2018

Score 0/25 Timer 06:00
6 Plays Today
Letter Country % Correct
BBrazil
98%
GGermany
95%
AArgentina
94.7%
FFrance
94.5%
EEngland
89.1%
IItaly
88.6%
SSpain
87.7%
PPoland and Portugal
87.6%
UUruguay
87.6%
DDenmark
86.5%
NNetherlands
82%
JJapan
79.2%
QQatar
76.5%
Letter Country % Correct
HHungary
69%
RRussia, Romania & Republic of Ireland
68.9%
OOman
67.7%
MMexico
64.8%
YYugoslavia
64.8%
VVenezuela
63.4%
TTurkey
60.5%
WWales
56.2%
ZZaire
54.9%
CCroatia and Czechoslovakia
48.1%
KKorea Republic
29.3%
LLibya
27.3%

You're not logged in!

Compare scores with friends on all Sporcle quizzes.
OR
Log In

Sporcle TV

Today on Sporcle TV


Watch our educational content, quiz creation guides, and fun videos on Sporcle TV.

Show Comments

Extras

Top Quizzes Today


Score Distribution

Your Account Isn't Verified!

In order to create a playlist on Sporcle, you need to verify the email address you used during registration. Go to your Sporcle Settings to finish the process.

Report this User

Report this user for behavior that violates our Community Guidelines.

Details: